000 00697nam a2200193Ia 4500
008 151121s9999||||xx |||||||||||||| ||und||
082 _a812/परदे
082 _bHNW-53173
100 _aपरदेशी दिलीप
245 _aतळहातीच्या नाजूक रेषा
260 _b"अजब पुस्तकालय, कोल्हापूर"
260 _c--
300 _a70
600 _aपरदेशी दिलीप
630 _aतळहातीच्या नाजूक रेषा
700 _aपरदेशी दिलीप
730 _aतळहातीच्या नाजूक रेषा
942 _cBOOK
999 _c1236898
_d1236895